Biblioteka Instytutu Północnego w Olsztynie

Widok standardowy Widok MARC

Pozycja Geographic Name

Liczba rekordów, w których użyto hasła: 2

001 - Numer kontrolny

  • control field: 39325

003 - Identyfikator numeru kontrolnego

  • control field: NUKAT

005 - Data i czas ostatniej modyfikacji

  • control field: 20260331142751.0

008 - Dane kontrolne kodowane (40 znaków)

  • fixed length control field: 171023n||azznnbabn |a ana |

010 ## - Numer kontrolny Biblioteki Kongresu

  • numer kontrolny LC: p 2017140258

024 7# - OTHER STANDARD IDENTIFIER

  • Standard number or code: 307175417597304080001
  • Source of number or code: viaf

035 ## - Numer systemowy

  • numer systemowy: a36970232

035 ## - Numer systemowy

  • numer systemowy: (PL)a0000003697023

040 ## - Instytucja sporządzająca rekord

  • inst. przygot. dane do rek. khw: WA N
  • język haseł przedmiotowych/tezaurus: DBN
  • inst. wprow. rek. khw: WA N

043 ## - Kod obszaru geograficznego

  • ISO code: DE
  • ISO code: PL

151 ## - Hasło - nazwa geograficzna

  • nazwa geograficzna: Prusy Górne

368 ## - Other Attributes

  • Juris type: Krainy historyczne

451 ## - Trop zob. - nazwa geograficzna

  • nazwa geograficzna: Oberland

451 ## - Trop zob. - nazwa geograficzna

  • nazwa geograficzna: Górne, Prusy

451 ## - Trop zob. - nazwa geograficzna

  • nazwa geograficzna: Hockerland

451 ## - Trop zob. - nazwa geograficzna

  • nazwa geograficzna: Hockerlandia

550 ## - Trop zob. też - nazwa pospolita

  • nazwa posp. lub nazwa geogr. na pocz.: Sasinowie (plemię)

551 ## - Trop zob. też - nazwa geograficzna

  • nazwa geograficzna: Państwo krzyżackie

551 ## - Trop zob. też - nazwa geograficzna

  • nazwa geograficzna: Prusy

551 ## - Trop zob. też - nazwa geograficzna

  • nazwa geograficzna: Prusy Książęce

551 ## - Trop zob. też - nazwa geograficzna

  • nazwa geograficzna: Prusy Wschodnie

551 ## - Trop zob. też - nazwa geograficzna

  • nazwa geograficzna: Puszcza Galindzka

670 ## - Źródło informacji

  • źródło informacji: Ermland und Oberland in den späten römischen Kaiserzeit und die frühen Völkerwanderungszeit im Licht neuer Erwerbungen des Museums für Ermland und Masuren in Olsztyn / Adam Cieśliński, Andreas Rau ; [Überzetzung Krzysztof Patalan und Andreas Rau]. W: Orbis barbarorum : studia ad archaeologiam Germanorum et Baltorum temporibus Imperii Romani pertinentia Adalberto Nowakowski dedicata. - Warszawa ; Schleswig, 2017.
Biblioteka Instytutu Północnego, ul. Partyzantów 87, 10-402 Olsztyn, email: biblioteka(at)ip.olsztyn.pl